| 000 | 00999cam a22002651 4500 | ||
|---|---|---|---|
| 001 | gs 39000018 | ||
| 003 | DLC | ||
| 005 | 20260227111343.0 | ||
| 008 | 730129s1938 nyuaf b 000 0 eng c | ||
| 010 | _ags 39000018 | ||
| 035 | _a(OCoLC)547008 | ||
| 040 |
_aU.S. Geol. Survey. Library _cODaWU _dOCoLC _dDLC |
||
| 042 | _apremarc | ||
| 050 | 0 | 0 |
_aQE431 _b.K58 |
| 100 | 1 |
_aKnopf, Eleanora Frances Bliss, _d1883- |
|
| 245 | 1 | 0 |
_aStructural petrology, _cby Eleanora Bliss Knopf and Earl Ingerson. |
| 260 |
_a[New York] _bPublished by the Society, _c1938. |
||
| 300 |
_axv, 270 p. _billus., 27 pl. (incl. col. front.) on 17 l., diagrs. _c26 cm. |
||
| 490 | 0 | _aGeological Society of America. Memoir 6 | |
| 504 | _aBibliographical foot-notes. | ||
| 505 | 0 | _apt. I. Principles of structural petrology, by E. B. Knopf.--pt. II. Laboratory technique of petrofabric analysis, by Earl Ingerson. | |
| 650 | 0 | _aPetrology. | |
| 650 | 0 |
_aRocks _xAnalysis. |
|
| 700 | 1 |
_aIngerson, Earl, _d1906- _ejoint author. |
|
| 999 |
_c27505 _d27505 |
||